Syphilis au sein de la population estudiantine: Cas du campus d'Abomey- Calavi (Record no. 48230)
[ view plain ]
| 000 -LEADER | |
|---|---|
| fixed length control field | 00624nam a22002057a 4500 |
| 003 - CONTROL NUMBER IDENTIFIER | |
| control field | 0 |
| 005 - DATE AND TIME OF LATEST TRANSACTION | |
| control field | 20160609170040.0 |
| 008 - FIXED-LENGTH DATA ELEMENTS--GENERAL INFORMATION | |
| fixed length control field | 101118t xxu||||| |||| 00| 0 eng d |
| 040 ## - SOURCE DU CATALOGAGE | |
| Original cataloging agency | BUAC |
| Transcribing agency | BEPAC |
| 100 ## - VEDETTE PRINCIPALE - NOM DE PERSONNE | |
| Personal name | Dessemedo , J.Jacques |
| 9 (RLIN) | 11021 |
| 130 ## - VEDETTE PRINCIPALE - TITRE UNIFORME | |
| Language of a work | fr |
| 9 (RLIN) | 11022 |
| 245 ## - TITLE STATEMENT | |
| Title | Syphilis au sein de la population estudiantine: Cas du campus d'Abomey- Calavi |
| 260 ## - PUBLICATION, DISTRIBUTION, ETC. (IMPRINT) | |
| Place of publication, distribution, etc | EPAC-UAC |
| Name of publisher, distributor, etc | EPAC-UAC |
| Date of publication, distribution, etc | 2006-2007 |
| 300 ## - PHYSICAL DESCRIPTION | |
| Extent | IX-55p. |
| 650 ## - SUBJECT ADDED ENTRY--TOPICAL TERM | |
| Topical term or geographic name as entry element | SYPHILIS |
| Topical term following geographic name as entry element | POPULATION |
| 9 (RLIN) | 11023 |
| 650 ## - SUBJECT ADDED ENTRY--TOPICAL TERM | |
| Topical term or geographic name as entry element | TREPONEMATOSE |
| Topical term following geographic name as entry element | TREPONEMA PALLIDUM |
| 9 (RLIN) | 11024 |
| 650 ## - SUBJECT ADDED ENTRY--TOPICAL TERM | |
| Topical term or geographic name as entry element | IMMUNITE |
| Topical term following geographic name as entry element | SEROLOGIE |
| 9 (RLIN) | 11025 |
| 700 ## - ADDED ENTRY--PERSONAL NAME | |
| Personal name | Zogo , M. Barnabas |
| 9 (RLIN) | 11026 |
| 942 ## - ADDED ENTRY ELEMENTS (KOHA) | |
| Koha item type | Thèse et Memoire |
| Withdrawn status | Lost status | Damaged status | Not for loan | Location (home branch) | Sublocation or collection (holding branch) | Date acquired | Source of acquisition | Koha issues (times borrowed) | Koha full call number | Piece designation (barcode) | Koha date last seen | Copy number | Price effective from | Koha item type |
|---|---|---|---|---|---|---|---|---|---|---|---|---|---|---|
| Bibliothèque Ecole Polytechnique d'Abomey-Calavi | Bibliothèque Ecole Polytechnique d'Abomey-Calavi | 18/11/2010 | Dépot légal | 26/ABM/DES | M16110EPAC | 18/11/2010 | 1 | 18/11/2010 | Thèse et Memoire | |||||
| Bibliothèque Ecole Polytechnique d'Abomey-Calavi | Bibliothèque Ecole Polytechnique d'Abomey-Calavi | 18/11/2010 | Dépot légal | 26/ABM/DES | M16111EPAC | 18/11/2010 | 2 | 18/11/2010 | Thèse et Memoire | |||||
| Bibliothèque Ecole Polytechnique d'Abomey-Calavi | Bibliothèque Ecole Polytechnique d'Abomey-Calavi | 18/11/2010 | Dépot légal | 26/ABM/DES | M16112EPAC | 18/11/2010 | 3 | 18/11/2010 | Thèse et Memoire |